000 00470nam a2200181Ia 4500
001 16601
005 20260306170321.0
008 260306t2022||||xx |||||||||||||| ||und||
041 _aESP
082 _a348.8
_bD84D
100 _aDivisión de Estudios Jurídicos de Gaceta Jurídica
_eAUT
245 0 _aEl despido laboral en la jurisprudencia
260 _c2022
300 _a398 páginas :
_c25 cm.
650 _aGEN
654 _aCDE
942 _cLIB
_dJUS
_fJUS
_2ddc
_n
999 _c16601
_d16601